000 00914nam a2200241 a 4500
001 000049076
005 20260527074042.0
008 190717s1984 dr r 000 0 spa d
040 _aDO-SdBNP
_bspa
_cBNPHU
082 _a324.27293
_bC965s, 1984
100 1 _aCuello H., José Israel
_96298
245 1 0 _aSiete años de reformismo /
_cJosé Israel Cuello H.
250 _a3a ed.
260 _aSanto Domingo :
_bTaller,
_c1984.
300 _a175 p. ;
_c21 cm.
490 1 _aBiblioteca taller
_v25
500 _aEl programa de gobierno del partido reformista cotejado con las realizaciones a los siete años de su gestión
504 _aIncluye referencias bibliográficas y notas al pie de las páginas
590 _aInventariado, 2019/BT
610 2 4 _aPARTIDO REFORMISTA (REPÚBLICA DOMINICANA)
_926441
650 0 _aPartidos políticos
_zRepública Dominicana
_9285
830 0 _aBiblioteca taller
_n25
_976461
999 _c48564
_d48564